000 00311nam a22001337a 4500
008 180126b xxu||||| |||| 00| 0 eng d
020 _a9780618102181
041 _aeng
080 _a371
100 _a46
101 _aEDU
245 _aTeaching Reading in Today's Elementary Schools
_cBurns
942 _2udc
_cBK
999 _c41057
_d41057